Effect of modified carbon black on the properties of natural rubber vulcanizate (Record no. 57963)

MARC details
000 -LEADER
fixed length control field 01595nam a2200229Ia 4500
100 ## - MAIN ENTRY--AUTHOR NAME
Personal name Ghosh A K
245 #0 - TITLE STATEMENT
Title Effect of modified carbon black on the properties of natural rubber vulcanizate
260 ## - PUBLICATION, DISTRIBUTION, ETC. (IMPRINT)
Name of publisher Journal of Applied Polymer Science
Year of publication 1997
300 ## - PHYSICAL DESCRIPTION
Number of Pages 683-693
520 ## - SUMMARY, ETC.
Summary, etc Rubber-grade carbon black filler HAF (N330) was modified with a plant product (PP; long aliphatic chain substituted phenols), proprietary item under patent application, in the presence or absence of hexamine (Hexa) or dicumyl peroxide (DCP) to put a flexible moiety in between the carbon black and the elastomer chain in order to improve some of its processing and reinforcement characteristics in natural rubber (NR). The modification process is simple and involves cheap materials. The modified carbon black was characterized and evaluated for its processability as well as reinforcing characteristics in NR vulcanizate. It was observed to show better processing behavior, without any processing aid, such as easy incorporation and uniform dispersion in the rubber phase without abnormal heat generation, and also improved vulcanizate properties, such as tensile strength, flex cracking resistance, and lower abrasion loss, without affecting other properties to a significant extent.
650 ## - SUBJECT ADDED ENTRY--TOPICAL TERM
Topical Term Abrasion loss
650 ## - SUBJECT ADDED ENTRY--TOPICAL TERM
Topical Term Bound rubber
650 ## - SUBJECT ADDED ENTRY--TOPICAL TERM
Topical Term Carbon black modification
650 ## - SUBJECT ADDED ENTRY--TOPICAL TERM
Topical Term Flex cracking
650 ## - SUBJECT ADDED ENTRY--TOPICAL TERM
Topical Term Heat buildup
700 ## - ADDED ENTRY--PERSONAL NAME
Personal name Adhikari B
700 ## - ADDED ENTRY--PERSONAL NAME
Personal name Maiti S
700 ## - ADDED ENTRY--PERSONAL NAME
Personal name Mustafi S K
700 ## - ADDED ENTRY--PERSONAL NAME
Personal name Ray G S
942 ## - ADDED ENTRY ELEMENTS (KOHA)
Koha item type Journals
Holdings
Withdrawn status Lost status Damaged status Not for loan Home library Current library Shelving location Date acquired Serial Enumeration / chronology Koha item type
      Journals RRII Library RRII Library Rubber chemistry 17/12/2021 Volume 66, Issue 4 Journals